MANIPAL ORTHOPEDIC (Record no. 10550)

MARC details
000 -LEADER
fixed length control field 00304nam a22001457a 4500
003 - CONTROL NUMBER IDENTIFIER
control field SGT
020 ## - INTERNATIONAL STANDARD BOOK NUMBER
International Standard Book Number 978-81-239-2517-2
082 ## - DEWEY DECIMAL CLASSIFICATION NUMBER
Classification number 617
Item number M15P
100 ## - MAIN ENTRY--PERSONAL NAME
Personal name PANDEY, VIVEK
245 ## - TITLE STATEMENT
Title MANIPAL ORTHOPEDIC
260 ## - PUBLICATION, DISTRIBUTION, ETC. (IMPRINT)
Place of publication, distribution, etc INDIA
Name of publisher, distributor, etc CBS
Year of Publication 2015
300 ## - PAGE DESCRIPTION
No. of Pages 232
650 ## - SUBJECT ADDED ENTRY--TOPICAL TERM
Topical term or geographic name as entry element ORTHOPEDIC
942 ## - ADDED ENTRY ELEMENTS (KOHA)
Source of classification or shelving scheme Dewey Decimal Classification
Koha item type Books
942 ## - ADDED ENTRY ELEMENTS (KOHA)
-- 3
Holdings
Withdrawn status Lost status Source of classification or shelving scheme Damaged status Not for loan Collection code Home library Current library Shelving location Date acquired Vendor Name Cost, normal purchase price SGTU Bill Number Total Checkouts Full call number Accession No. (Barcode) Date last seen Date last borrowed Bill Date Koha item type
    Dewey Decimal Classification     MEDICAL SGT Medical Library SGT Medical Library Reference Book 20/01/2017 ABC 195.00 SGTU 6640 6 617 M15P FM7900 20/06/2024 20/06/2024 04/01/2016 Books